|
|
|
|
| LEADER |
00000nam0a2200000 4500 |
| 001 |
88455 |
| 005 |
20231031102638.0 |
| 035 |
|
|
|a (RuTPU)RU\TPU\book\94939
|
| 090 |
|
|
|a 88455
|
| 100 |
|
|
|a 20051226d1966 m y0rusy50 ca
|
| 101 |
0 |
|
|a rus
|
| 102 |
|
|
|a RU
|
| 105 |
|
|
|a a g 001zy
|
| 200 |
1 |
|
|a Техническая эстетика
|e справочные материалы
|f Р. П. Повилейко, Л. В. Левицкий
|
| 210 |
|
|
|a Новосибирск
|d 1966
|
| 215 |
|
|
|a 188 с.
|c ил.
|
| 320 |
|
|
|a Библиогр.: с. 174-177
|
| 610 |
1 |
|
|a техническая эстетика
|
| 610 |
1 |
|
|a справочники
|
| 610 |
1 |
|
|a техника
|
| 610 |
1 |
|
|a эстетика
|
| 610 |
1 |
|
|a требования
|
| 610 |
1 |
|
|a управление
|
| 610 |
1 |
|
|a шкалы
|
| 610 |
1 |
|
|a цвет
|
| 675 |
|
|
|a 658.5(035)
|v 3
|
| 700 |
|
1 |
|a Повилейко
|b Р. П.
|g Рюрик Петрович
|
| 701 |
|
1 |
|a Левицкий
|b Л. В.
|g Леонид Владимирович
|
| 801 |
|
1 |
|a RU
|b 63413507
|c 20051226
|g PSBO
|
| 801 |
|
2 |
|a RU
|b 63413507
|c 20150824
|g PSBO
|
| 942 |
|
|
|c BK
|